Stone soup

This book is about three strangers, hungry and tired, traveling through a war-torn village. Depressed and suspicious because of the war, people hid food and tightly closed their windows. That is until clever strangers offered to cook a soup from rocks. Intrigued by the idea, everyone brought what th...

Szczegółowa specyfikacja

Zapisane w:
Opis bibliograficzny
1. autor: Muth, Jon J
Format: Książka
Język:Vietnamese
Wydane: New York Scholastic Press 2003
Hasła przedmiotowe:
Etykiety: Dodaj etykietę
Nie ma etykietki, Dołącz pierwszą etykiete!
Thư viện lưu trữ: Thư viện Trường Đại học Nam Cần Thơ
LEADER 01148nam a22001937a 4500
001 NCT_4_008524
008 240529b xxu||||| |||| 00| 0 vie d
999 |c 8360  |d 8360 
020 |a 9780439339094  |c $16.95 
082 0 4 |2 23rd ed.  |a 741.5  |b M979 
100 1 |a Muth, Jon J 
245 1 0 |a Stone soup  |c Jon J Muth 
260 |a New York  |b Scholastic Press  |c 2003 
300 |a 32 p.  |b ill.  |c 26cm 
520 3 |a This book is about three strangers, hungry and tired, traveling through a war-torn village. Depressed and suspicious because of the war, people hid food and tightly closed their windows. That is until clever strangers offered to cook a soup from rocks. Intrigued by the idea, everyone brought what they had until-- together, they created a feast fit for a king! In this inspiring story about the power people possess when working together, Muth takes a simple, beloved story and adds her own fresh twist. 
653 |a Tham khảo 
942 |2 ddc  |c BK 
952 |0 0  |1 0  |2 ddc  |4 0  |6 741_500000000000000_M979  |7 0  |9 28918  |a 000001  |b 000001  |d 2024-05-29  |o 741.5 M979  |p TK.00970  |r 2024-05-29  |w 2024-05-29  |y BK 
980 |a Thư viện Trường Đại học Nam Cần Thơ